000 00345 a2200157 4500
001 151219
040 _cEscola São Tomás de Aquino
100 _aBANDEIRA, Pedro
240 1 0 _aPequeno pode tudo
_lpor
245 1 0 _aPequeno pode tudo
300 _a47
362 0 _a2002
440 1 _aModerna
697 _a*LITERATURA INFANTO
942 _cBK
999 _c151219
_d151219